000 00354nab a22001097u 4500
008 130520b2010 xxu||||| |||| 00| 0 spa d
041 _aspa
100 1 _aGira, Dennis
_910800
245 0 0 _aInculturación delbudismo en regiones tradicionalmente cristianas
_cDennis Gira
773 0 _tConcilium
_gnº338,2010,págs. 157-166
_x0210-1041
_wRev134
942 _cAR
999 _c414820
_d414820